Ružomberok

Gespeichert in:
Bibliographische Detailangaben
1. Verfasser: Šlachta, František (Verfasst von)
Format: Buch
Sprache:Slowakisch
Veröffentlicht: Martin : Osveta, 1992
Ausgabe:1. vyd.
Schlagworte:
Tags: Tag hinzufügen
Keine Tags, Fügen Sie das erste Tag hinzu!

MARC

LEADER 00000nam a22000003a 4500
001 stu11241
005 20150617225801.5
008 950313s1992----cs------------------slo-d
040 |a STU  |b slo 
041 0 |a slo 
044 |a cs 
100 1 |a Šlachta, František  |4 aut 
245 1 |a Ružomberok 
250 |a 1. vyd. 
260 |a Martin :  |b Osveta,  |c 1992 
300 |a nestr 
650 7 |a ostatné mestá  |2 stusub 
650 7 |a Ružomberok  |2 stusub 
996 |b 284AU02476  |c A*1941 U  |l AAKNAR  |s A  |a 24  |w stu11241_0001